| 000 | 02637nam a2200217 4500 | ||
|---|---|---|---|
| 001 | 0000010742 | ||
| 005 | 20250329165510.0 | ||
| 008 | 180403s2018 000 0 eng d | ||
| 040 |
_aCO-CtgCURN _bspa _ccoctgcurn |
||
| 082 | 0 |
_aTSO 2018 _bP393 |
|
| 100 | 1 | _aPeluffo Marrugo, Eithan David. | |
| 245 | 1 | 0 |
_aSistematización de experiencias: aportes desde el trabajo social en el fortalecimiento de alianzas territoriales para la construcción de la paz y consolidación de la democracia en el marco del postconflicto, desde el proyecto manos a la paz del programa de naciones unidas para el desarrollo pnud- en el municipio de acacias meta. / _cEithan David Peluffo Marrugo; Director de trabajo de grado: Rocío M. González Navarro. |
| 260 |
_aCartagena de Indias : _bCorporación Universitaria Rafael Nuñez, _c2018. |
||
| 504 | _aTrabajo de grado (Trabajo Social). Corporación Universitaria Rafael Nuñez. Facultad de Ciencias sociales y humanas. Trabajo Social, 2018. | ||
| 520 | _aColombia se encuentra en un proceso histórico e inimaginable, enfocados en los acuerdos de paz entre las Fuerzas Armadas Revolucionarias de Colombia- Ejército del Pueblo (FARC-EP) y el gobierno nacional que buscan una trasformación estructural en el país. Por esta razón, se han llevado a cabo Iniciativas que buscan potenciar las capacidades de construcción de paz en los territorios; el programa Manos a las paz, como una iniciativa de la Alta Consejería para el Posconflicto y el Programa de las Naciones Unidas para el Desarrollo en Colombia (PNUD), orientado a fortalecer las capacidades de construcción de paz en los territorios, vinculando estudiantes comprometidos con el desarrollo del país, aportando desde distintos ámbitos, tales como: la superación de pobreza y desarrollo económico, el desarrollo sostenible y medio ambiente, la gobernabilidad local, la convivencia y la reconciliación ð (Proyecto Manos a la paz, 2016).Esta iniciativa brinda la oportunidad a que Jóvenes Universitarios aprendan, conozcan y aporten a la construcción de la Paz en los territorios más azotados por el conflicto armado en Colombia, vinculando a Ciudadanos y Ciudadanas con el desarrollo del país. | ||
| 650 | 0 |
_aTrabajo social _vTesis y disertaciones academicas. |
|
| 700 | 1 |
_aGonzález Navarro, Rocío M., _eDirector de trabajo de grado. |
|
| 856 |
_uhttps://unicurn.sharepoint.com/:b:/s/biblioteca/EbPQCJENCvdDpLntIfjwsV0BrX2TmVtDSZZSYP72A0FTmw?e=FAdUgl _zClick aqui para ver el recurso en texto completo |
||
| 942 |
_2ddc _cTG _hTSO 2018 _iP393 |
||
| 999 |
_c6003 _d6003 |
||